000 00743nam a2200241 a 4500
005 20230602063652.0
008 991125s1986 mx 000 0 spa u
020 _a9682910560
035 _aUPN01000009467
040 _aMX-MxUPN
_bspa
_cMX-MxUPN
050 4 _aPQ7104
_bL57 no.62
100 1 _aZaid, Gabriel
_929514
245 1 0 _aCómo leer en bicicleta /
_cGabriel Zaid.
250 _aPrimera edición
260 _aMéxico :
_bJoaquín Mortiz :
_bSecretaría de Educación Pública, Subsecretaría de Cultura,
_c1986.
300 _a196 páginas
490 _aLecturas mexicanas. Segunda serie ;
_v62
650 4 _aNovela mexicana
_94557
904 _aAC
_b009468
905 _aLibro
942 _2lcc
_cLIBRO
999 _c9467
_d9467